[Event "Berlin Lichtenberger op 18th"]
[Site "Berlin"]
[Date "2019.08.22"]
[Round "6"]
[White "Schaefer, Heiko"]
[Black "Baranowsky, Peter"]
[Result "0-1"]
[WhiteElo "2002"]
[BlackElo "1889"]
[PlyCount "52"]
[EventDate "2019.08.17"]
[EventType "swiss"]
[EventRounds "9"]
[EventCountry "GER"]
[SourceTitle "EXT 2020"]
[Source "ChessBase"]
[SourceDate "2019.10.17"]
[SourceVersion "1"]
[SourceVersionDate "2019.10.17"]
[SourceQuality "1"]

1. Nf3 g6 2. c4 Bg7 3. g3 Nf6 4. Bg2 0-0 5. 0-0 c5 6. Nc3 Nc6 7. d4 cxd4 8. Nxd4 a6 9. c5 Qc7 10. e4 d6 11. cxd6 exd6 12. Bf4 Bg4 13. Nde2 Ne5 14. Rc1 Rac8 15. f3 Qb6+ 16. Qd4 Qxd4+ 17. Nxd4 Bd7 18. Rfd1 Nh5 19. Bg5 Rfe8 20. Nd5 Rxc1 21. Rxc1 Nd3 22. Ne2 Nxc1 23. Bxc1 Nf6 24. Nb6 Bc6 25. Nd4 d5 26. Kf2 Nxe4+ 0-1

[Event "Heusenstamm Sparkassen op-A 5th"]
[Site "Heusenstamm"]
[Date "2018.11.23"]
[Round "3"]
[White "Stork, Christopher"]
[Black "Schaefer, Heiko"]
[Result "0-1"]
[WhiteElo "1721"]
[BlackElo "2014"]
[PlyCount "138"]
[EventDate "2018.11.22"]
[EventType "swiss"]
[EventRounds "7"]
[EventCountry "GER"]
[SourceTitle "CBM 188 Extra"]
[Source "ChessBase"]
[SourceDate "2019.02.26"]
[SourceVersion "1"]
[SourceVersionDate "2019.02.26"]
[SourceQuality "1"]

1. e4 e6 2. d4 d5 3. exd5 exd5 4. Bd3 c5 5. c3 Nf6 6. Ne2 Bd6 7. 0-0 0-0 8. Bf4 Nc6 9. Bxd6 Qxd6 10. Nd2 Bg4 11. f3 Bh5 12. Re1 Rfe8 13. Nf1 cxd4 14. cxd4 Qb4 15. Qd2 Bg6 16. Qxb4 Nxb4 17. Bxg6 hxg6 18. Nc3 a6 19. a3 Nd3 20. Rxe8+ Rxe8 21. b4 Rc8 22. Na4 Rc2 23. Rd1 Nb2 24. Nxb2 Rxb2 25. Rd3 Kf8 26. Ne3 Ke7 27. Nd1 Rc2 28. Nc3 Kd6 29. Na4 Nd7 30. f4 Ra2 31. Nc3 Rc2 32. Na4 Nf6 33. Nc5 Ne4 34. h3 Rc1+ 35. Kh2 Kc6 36. Re3 Rc3 37. Rxc3 Nxc3 38. Nd3 f6 39. Nc5 Ne2 40. Ne6 Kd6 41. Nc5 Nxd4 42. Nxb7+ Kc6 43. Nc5 a5 44. Nd3 axb4 45. Nxb4+ Kc5 46. Kg3 Nb5 47. Nd3+ Kc4 48. a4 Nc3 49. Nb2+ Kb3 50. Nd3 Nxa4 51. Kf3 Kc4 52. Ke2 Nc3+ 53. Kd2 Kd4 54. Ne1 Ne4+ 55. Ke2 Nc5 56. Nf3+ Ke4 57. g3 Nb3 58. Ne1 Nd4+ 59. Kf2 Nf5 60. Nf3 d4 61. Nd2+ Kd3 62. Nf1 Ne3 63. Nh2 Ke4 64. Nf3 Nd1+ 65. Kg2 d3 66. Nd2+ Ke3 67. Nc4+ Ke2 68. Kg1 Ne3 69. Nb2 d2 0-1

[Event "Berlin Lichtenberger op 17th"]
[Site "Berlin"]
[Date "2018.08.25"]
[Round "8"]
[White "Schaefer, Heiko"]
[Black "Moeller, Dustin"]
[Result "1-0"]
[WhiteElo "1978"]
[BlackElo "2149"]
[PlyCount "77"]
[EventDate "2018.08.18"]
[EventType "swiss"]
[EventRounds "9"]
[EventCountry "GER"]
[SourceTitle "CBM 186 Extra"]
[Source "ChessBase"]
[SourceDate "2018.08.24"]
[SourceVersion "1"]
[SourceVersionDate "2018.08.24"]
[SourceQuality "1"]

1. e4 e6 2. d4 d5 3. Nd2 a6 4. Bd3 c5 5. c3 Nc6 6. exd5 exd5 7. Ngf3 c4 8. Bc2 Qe7+ 9. Qe2 Nf6 10. Ne5 Nxe5 11. dxe5 Nd7 12. Nf3 h6 13. b3 Nc5 14. 0-0 b5 15. Nd4 Bb7 16. Ba3 Qc7 17. Qg4 Bc8 18. Qf3 Bb7 19. Qg4 Bc8 20. Nf5 g6 21. e6 gxf5 22. exf7+ Qxf7 23. Qd4 Qg7 24. Rfe1+ Ne6 25. Qxd5 Bxa3 26. Qxa8 0-0 27. Qd5 Kh8 28. Rxe6 Bb7 29. Qe5 Qxe5 30. Rxe5 Bb2 31. Rd1 Bxc3 32. Rxf5 Rg8 33. g3 Re8 34. Rf7 Ba8 35. Rfd7 Bf3 36. Rd8 Rxd8 37. Rxd8+ Kg7 38. Rd6 cxb3 39. axb3 1-0

[Event "Berlin Lichtenberger op 17th"]
[Site "Berlin"]
[Date "2018.08.23"]
[Round "6"]
[White "Schaefer, Heiko"]
[Black "Jess, Arne"]
[Result "1-0"]
[WhiteElo "1978"]
[BlackElo "1814"]
[PlyCount "43"]
[EventDate "2018.08.18"]
[EventType "swiss"]
[EventRounds "9"]
[EventCountry "GER"]
[SourceTitle "CBM 186 Extra"]
[Source "ChessBase"]
[SourceDate "2018.08.24"]
[SourceVersion "1"]
[SourceVersionDate "2018.08.24"]
[SourceQuality "1"]

1. d4 d5 2. c4 e5 3. dxe5 d4 4. Nf3 Nc6 5. g3 Nge7 6. Bg2 Ng6 7. 0-0 Ngxe5 8. b3 Nxf3+ 9. Bxf3 Ne5 10. Bg2 Be7 11. Bb2 Bf6 12. Nd2 c5 13. Ne4 Be7 14. e3 Nc6 15. Qh5 g6 16. Qd1 0-0 17. b4 dxe3 18. Qc1 e2 19. Re1 Qd3 20. bxc5 f6 21. Nd6 Kg7 22. Be4 1-0

[Event "Berlin Lichtenberger op 17th"]
[Site "Berlin"]
[Date "2018.08.18"]
[Round "1"]
[White "Engesser, Philipp"]
[Black "Schaefer, Heiko"]
[Result "0-1"]
[WhiteElo "1626"]
[BlackElo "1978"]
[PlyCount "56"]
[EventDate "2018.08.18"]
[EventType "swiss"]
[EventRounds "9"]
[EventCountry "GER"]
[SourceTitle "CBM 186 Extra"]
[Source "ChessBase"]
[SourceDate "2018.08.24"]
[SourceVersion "1"]
[SourceVersionDate "2018.08.24"]
[SourceQuality "1"]

1. e4 e6 2. d4 d5 3. Nc3 Nf6 4. Bg5 Bb4 5. e5 h6 6. Be3 Ne4 7. Qg4 g5 8. h4 h5 9. hxg5 hxg4 10. Rxh8+ Bf8 11. Nxe4 dxe4 12. Ne2 Nd7 13. Ng3 b6 14. Nxe4 Bb7 15. Bd3 Qe7 16. 0-0-0 0-0-0 17. Rdh1 Bg7 18. R8h7 Rg8 19. Nf6 Bxf6 20. exf6 Nxf6 21. gxf6 Qxf6 22. R1h6 Qe7 23. Bg6 Rf8 24. Rg7 Qf6 25. Rhh7 Bxg2 26. Bxf7 Be4 27. Bg5 Qxf2 28. Bxe6+ Kb8 0-1

[Event "Heraklion op 23rd"]
[Site "Heraklion"]
[Date "2018.04.12"]
[Round "5"]
[White "Schaefer, Heiko"]
[Black "Papidakis, Georgios"]
[Result "1-0"]
[WhiteElo "2030"]
[BlackElo "1739"]
[PlyCount "71"]
[EventDate "2018.04.09"]
[EventType "swiss"]
[EventRounds "9"]
[EventCountry "GRE"]
[SourceTitle "CBM 184 Extra"]
[Source "ChessBase"]
[SourceDate "2018.06.28"]
[SourceVersion "1"]
[SourceVersionDate "2018.06.28"]
[SourceQuality "1"]

1. Nf3 Nf6 2. g3 d5 3. c4 c6 4. Bg2 Bg4 5. Ne5 Be6 6. cxd5 Bxd5 7. Nf3 e5 8. Nc3 e4 9. Nh4 Qd7 10. d3 exd3 11. Nxd5 Nxd5 12. Qxd3 Bb4+ 13. Bd2 Bxd2+ 14. Qxd2 Nb6 15. Qc2 0-0 16. 0-0 Na6 17. a3 Rad8 18. Rad1 Qc7 19. Nf5 Qe5 20. e4 Qc5 21. Rxd8 Rxd8 22. Rd1 Re8 23. Qd2 h6 24. h4 Nc7 25. Qf4 Ne6 26. Qg4 Kh7 27. Qh5 Kg8 28. Qg4 Kh7 29. Qf3 Kg8 30. Bh3 Rd8 31. Rxd8+ Nxd8 32. Qf4 Na4 33. Qc7 Qb6 34. Qe7 Nxb2 35. Qe8+ Kh7 36. Ne7 1-0

[Event "Heraklion op 23rd"]
[Site "Heraklion"]
[Date "2018.04.10"]
[Round "3"]
[White "Schaefer, Heiko"]
[Black "Koutsourakis, Ioannis"]
[Result "1-0"]
[WhiteElo "2030"]
[BlackElo "1717"]
[PlyCount "63"]
[EventDate "2018.04.09"]
[EventType "swiss"]
[EventRounds "9"]
[EventCountry "GRE"]
[SourceTitle "CBM 184 Extra"]
[Source "ChessBase"]
[SourceDate "2018.06.28"]
[SourceVersion "1"]
[SourceVersionDate "2018.06.28"]
[SourceQuality "1"]

1. d4 d5 2. Nf3 Nf6 3. c4 c6 4. Nc3 e6 5. e3 Nbd7 6. Qc2 Be7 7. Be2 dxc4 8. Bxc4 b5 9. Bd3 Bb7 10. Bd2 a6 11. Ne4 Qb6 12. b4 Nxe4 13. Bxe4 Nf6 14. Bd3 h6 15. 0-0 0-0 16. Ne5 Bd6 17. f4 Rad8 18. Be2 Nd5 19. Nd3 Be7 20. Bf3 Bf6 21. Nc5 Qc7 22. Rac1 Rd6 23. Kh1 Ne7 24. Be4 g6 25. Bf3 Bg7 26. Qb3 Rdd8 27. Be1 Ra8 28. g4 Rad8 29. Bh4 Rd6 30. Bg3 Rb8 31. Ne4 Rdd8 32. f5 1-0

[Event "Berlin Lichtenberger op 16th"]
[Site "Berlin"]
[Date "2017.08.20"]
[Round "2"]
[White "Schaefer, Heiko"]
[Black "Kalka, Arkadius Georg"]
[Result "0-1"]
[WhiteElo "1993"]
[BlackElo "2323"]
[PlyCount "60"]
[EventDate "2017.08.19"]
[EventType "swiss"]
[EventRounds "9"]
[EventCountry "GER"]
[SourceTitle "CBM 180 Extra"]
[Source "ChessBase"]
[SourceDate "2017.10.06"]
[SourceVersion "1"]
[SourceVersionDate "2017.10.06"]
[SourceQuality "1"]

1. c4 Nf6 2. Nc3 g6 3. Nf3 Bg7 4. g3 c5 5. Bg2 Nc6 6. 0-0 d6 7. d4 cxd4 8. Nxd4 Bd7 9. b3 h5 10. Bb2 h4 11. Nd5 hxg3 12. hxg3 Ne5 13. Nxf6+ Bxf6 14. Bxb7 Rb8 15. Bd5 e6 16. Bg2 Nxc4 17. Nc6 Nxb2 18. Qxd6 Rb6 19. Rac1 Rh5 20. Qf4 Bxc6 21. Bxc6+ Kf8 22. Rc2 Kg7 23. Rfc1 Ra5 24. Rd2 Qc8 25. b4 Rxa2 26. b5 Rxb5 27. Rd7 Rf5 28. Qd6 Rd5 29. Qxe6 Rxd7 30. Qxa2 Rd6 0-1

[Event "Goch op 27th"]
[Site "Goch"]
[Date "2016.09.02"]
[Round "3"]
[White "Schaefer, Heiko"]
[Black "Klaus, Egon"]
[Result "1-0"]
[WhiteElo "2038"]
[BlackElo "1859"]
[PlyCount "65"]
[EventDate "2016.09.01"]
[EventType "swiss"]
[EventRounds "7"]
[EventCountry "GER"]
[SourceTitle "EXT 2018"]
[Source "ChessBase"]
[SourceDate "2017.10.13"]
[SourceVersion "1"]
[SourceVersionDate "2017.10.13"]
[SourceQuality "1"]

1. Nf3 Nf6 2. c4 e6 3. g3 d5 4. Bg2 c6 5. 0-0 Be7 6. d4 0-0 7. Nc3 dxc4 8. Ne5 Nbd7 9. Nxc4 Nb6 10. Ne5 Nfd5 11. e4 Nxc3 12. bxc3 f6 13. Nd3 f5 14. Re1 Bf6 15. Qb3 Kh8 16. Nc5 e5 17. dxe5 Bxe5 18. exf5 Bf6 19. Ne6 Bxe6 20. fxe6 Re8 21. Bb2 Qd3 22. Rad1 Qc4 23. Ba1 Re7 24. Bf1 Qxb3 25. axb3 Rae8 26. Bh3 Na8 27. c4 Nc7 28. Bxf6 gxf6 29. Rd6 Kg7 30. f4 f5 31. Bxf5 Kf6 32. Bh3 Nxe6 33. f5 1-0

[Event "Berlin Lichtenberger op 14th"]
[Site "Berlin"]
[Date "2015.08.20"]
[Round "6"]
[White "Landt, Stefan"]
[Black "Schaefer, Heiko"]
[Result "1/2-1/2"]
[WhiteElo "1903"]
[BlackElo "2085"]
[PlyCount "99"]
[EventDate "2015.08.15"]
[EventType "swiss"]
[EventRounds "9"]
[EventCountry "GER"]
[SourceTitle "EXT 2016"]
[Source "ChessBase"]
[SourceDate "2015.10.08"]
[SourceVersion "1"]
[SourceVersionDate "2015.10.08"]
[SourceQuality "1"]

1. d4 e6 2. c4 d5 3. Nc3 c6 4. e3 Nd7 5. Nf3 f5 6. Be2 Ngf6 7. 0-0 Bd6 8. c5 Bc7 9. Ng5 Qe7 10. f4 0-0 11. b4 Ne4 12. Ngxe4 dxe4 13. b5 Nf6 14. bxc6 bxc6 15. Qa4 Qd7 16. Rb1 a5 17. Bd2 Ba6 18. Bxa6 Rxa6 19. Rb7 Rb8 20. Rfb1 Rxb7 21. Rxb7 Qc8 22. Qb3 Nd5 23. Nxd5 exd5 24. a4 Ra8 25. Be1 Qd8 26. Qb1 Rc8 27. Qb2 h6 28. Qe2 Ra8 29. Qh5 Qc8 30. Rb2 Kh7 31. Qf7 Ra7 32. Qh5 g6 33. Qd1 Rb7 34. Qb1 Rxb2 35. Qxb2 Qa6 36. Kf2 Kg7 37. h3 Kf6 38. Qe2 Qb7 39. Qc2 Ke6 40. Ke2 Bd8 41. Kd1 g5 42. g3 h5 43. Ke2 Qa6+ 44. Kd1 gxf4 45. gxf4 Qf1 46. Qe2 Qxh3 47. Qa6 Kd7 48. Qb7+ Bc7 49. Bxa5 Qf1+ 50. Kc2 1/2-1/2

[Event "Goch op 25th"]
[Site "Goch"]
[Date "2014.09.05"]
[Round "3"]
[White "Schaefer, Heiko"]
[Black "Thevessen, Hubert"]
[Result "1-0"]
[WhiteElo "2043"]
[BlackElo "1871"]
[PlyCount "51"]
[EventDate "2014.09.04"]
[EventType "swiss"]
[EventRounds "7"]
[EventCountry "GER"]
[SourceTitle "EXT 2016"]
[Source "ChessBase"]
[SourceDate "2015.10.08"]
[SourceVersion "1"]
[SourceVersionDate "2015.10.08"]
[SourceQuality "1"]

1. Nf3 d5 2. c4 c6 3. e3 g6 4. Nc3 a6 5. Qb3 Nf6 6. d4 Bg7 7. Bd2 0-0 8. a4 e6 9. a5 Nbd7 10. Bd3 c5 11. cxd5 exd5 12. Nxd5 Nxd5 13. Qxd5 cxd4 14. e4 Ne5 15. Nxe5 Qxd5 16. exd5 Bxe5 17. 0-0 Rd8 18. Rfe1 Bf6 19. Rac1 Bf5 20. Bxf5 gxf5 21. Rc5 Rac8 22. Rxc8 Rxc8 23. d6 Rd8 24. Bh6 d3 25. d7 Bg7 26. Re8+ 1-0

[Event "Berlin Lichtenberger op 13th"]
[Site "Berlin"]
[Date "2014.08.24"]
[Round "9"]
[White "Schaefer, Heiko"]
[Black "Mai, Andreas"]
[Result "1/2-1/2"]
[WhiteElo "2064"]
[BlackElo "1998"]
[PlyCount "96"]
[EventDate "2014.08.16"]
[EventType "swiss"]
[EventRounds "9"]
[EventCountry "GER"]
[SourceTitle "CBM 161 Extra"]
[Source "ChessBase"]
[SourceDate "2014.08.29"]
[SourceVersion "1"]
[SourceVersionDate "2014.08.29"]
[SourceQuality "1"]

1. e4 d6 2. d4 Nf6 3. Nc3 g6 4. f4 Bg7 5. Nf3 0-0 6. Bd3 Bg4 7. h3 Bxf3 8. Qxf3 e5 9. dxe5 dxe5 10. f5 Nh5 11. Be3 Qh4+ 12. Qf2 Qxf2+ 13. Kxf2 c6 14. a4 Nd7 15. Ra3 b6 16. Be2 Nf4 17. Bf3 gxf5 18. exf5 Rac8 19. Rd1 Nf6 20. a5 N4d5 21. Nxd5 Nxd5 22. Bxd5 cxd5 23. c3 d4 24. Bg5 Rc6 25. cxd4 exd4 26. Rf3 h6 27. Be7 Re8 28. f6 Bf8 29. Rg3+ Kh7 30. Rxd4 Bxe7 31. fxe7 Rxe7 32. axb6 Rxb6 33. b4 Rbe6 34. Ra3 a6 35. Kf3 Kg6 36. Rd8 Rb6 37. Ra4 Rf6+ 38. Kg3 Re3+ 39. Kh2 Rb6 40. Ra8 Re4 41. R8xa6 Rexb4 42. g4 f6 43. Kg3 Rb3+ 44. Kh4 Rxa6 45. Rxa6 Rb4 46. Ra3 h5 47. Kg3 hxg4 48. hxg4 f5 1/2-1/2

[Event "Berlin Lichtenberger op 13th"]
[Site "Berlin"]
[Date "2014.08.21"]
[Round "6"]
[White "Keusch, Horst"]
[Black "Schaefer, Heiko"]
[Result "0-1"]
[WhiteElo "2021"]
[BlackElo "2064"]
[PlyCount "31"]
[EventDate "2014.08.16"]
[EventType "swiss"]
[EventRounds "9"]
[EventCountry "GER"]
[SourceTitle "CBM 161 Extra"]
[Source "ChessBase"]
[SourceDate "2014.08.29"]
[SourceVersion "1"]
[SourceVersionDate "2014.08.29"]
[SourceQuality "1"]

1. f4 d5 2. Nf3 g6 3. e3 Bg7 4. Be2 c5 5. d3 Nc6 6. 0-0 Nf6 7. Qe1 0-0 8. Qh4 Re8 9. Nc3 e5 10. fxe5 Nxe5 11. Nxe5 Rxe5 12. e4 dxe4 13. Bg5 exd3 14. Bxd3 Qd4+ 15. Qxd4 cxd4 16. Nb5 0-1

[Event "Goch op 23rd"]
[Site "Goch"]
[Date "2012.09.01"]
[Round "4"]
[White "Schaefer, Heiko"]
[Black "Rosenberger, Frank"]
[Result "1-0"]
[WhiteElo "2004"]
[BlackElo "2167"]
[PlyCount "63"]
[EventDate "2012.08.30"]
[EventType "swiss"]
[EventRounds "7"]
[EventCountry "GER"]
[SourceTitle "EXT 2015"]
[Source "ChessBase"]
[SourceDate "2014.11.20"]
[SourceVersion "1"]
[SourceVersionDate "2014.11.20"]
[SourceQuality "1"]

1. Nf3 d5 2. c4 e6 3. g3 c6 4. b3 Nf6 5. Bg2 Bd6 6. Bb2 Nbd7 7. d4 0-0 8. 0-0 Re8 9. Nc3 dxc4 10. bxc4 Qa5 11. Qb3 Qh5 12. Ba3 Bc7 13. e4 e5 14. d5 Bb6 15. Nh4 Nc5 16. Qc2 g5 17. Nf5 Ng4 18. h3 Nh6 19. g4 Qg6 20. Na4 Nxa4 21. Qxa4 Qf6 22. Rad1 Nxf5 23. exf5 e4 24. c5 Bd8 25. dxc6 Qe5 26. Rfe1 Bc7 27. Rxe4 Qh2+ 28. Kf1 Rf8 29. cxb7 Bxb7 30. c6 Bc8 31. Bxf8 Kxf8 32. Qa3+ 1-0

[Event "Goch op 23rd"]
[Site "Goch"]
[Date "2012.09.01"]
[Round "5"]
[White "Vasiljevs, Jurijs"]
[Black "Schaefer, Heiko"]
[Result "0-1"]
[WhiteElo "2152"]
[BlackElo "2004"]
[PlyCount "48"]
[EventDate "2012.08.30"]
[EventType "swiss"]
[EventRounds "7"]
[EventCountry "GER"]
[SourceTitle "EXT 2015"]
[Source "ChessBase"]
[SourceDate "2014.11.20"]
[SourceVersion "1"]
[SourceVersionDate "2014.11.20"]
[SourceQuality "1"]

1. d4 e6 2. c4 f5 3. Nc3 Nf6 4. Nf3 c6 5. g3 d5 6. Bg2 Bd6 7. 0-0 0-0 8. c5 Bc7 9. b4 a5 10. b5 Ne4 11. b6 Bxb6 12. Nxe4 fxe4 13. Bg5 Qe8 14. cxb6 exf3 15. Bxf3 Nd7 16. Rb1 Ra6 17. e3 Rxb6 18. Rxb6 Nxb6 19. Be2 e5 20. Qb3 Nd7 21. dxe5 Nxe5 22. Qb6 Bh3 23. Rc1 Qf7 24. e4 Nf3+ 0-1

[Event "Goch op 23rd"]
[Site "Goch"]
[Date "2012.08.31"]
[Round "2"]
[White "Mueller, Markus"]
[Black "Schaefer, Heiko"]
[Result "1-0"]
[WhiteElo "2208"]
[BlackElo "2004"]
[PlyCount "39"]
[EventDate "2012.08.30"]
[EventType "swiss"]
[EventRounds "7"]
[EventCountry "GER"]
[SourceTitle "EXT 2015"]
[Source "ChessBase"]
[SourceDate "2014.11.20"]
[SourceVersion "1"]
[SourceVersionDate "2014.11.20"]
[SourceQuality "1"]

1. e4 e6 2. d4 d5 3. Nc3 Nf6 4. Bg5 Bb4 5. e5 h6 6. Bd2 Bxc3 7. bxc3 Ne4 8. Qg4 Kf8 9. Nf3 c5 10. Bd3 Nxd2 11. Kxd2 Nc6 12. dxc5 Qa5 13. Qf4 Bd7 14. Rhb1 Qxc5 15. Rxb7 Qxf2+ 16. Be2 Be8 17. Rf1 Qc5 18. Nd4 Nxd4 19. cxd4 Qa5+ 20. Kd1 1-0